000 00481nam a22001577a 4500
003 MACL
005 20251026152632.0
008 241022b |||||||| |||| 00| 0 eng d
040 _cMACL
082 _a080/GaS
100 _aगार्सिया ,हेक्टर
_982681
245 _aइकिगाई
260 _aमहाराष्ट
_bमयमिररर पब्लिकैशन
_c2016
650 _aसामान्य वर्ग
942 _2ddc
_cHIN
999 _c67398
_d67398